000 00582nam a2200241Ia 4500
003 OSt
005 20220918200428.0
006 a|||||r|||| 00| 0
007 ta
008 220917b |||||||| |||| 00| 0 eng d
024 _a88,735
037 _cTextual
040 _aARTS
_cARTS
_beng
041 _2eng
_aeng
082 _aU:71, J6
100 _aWright A J
_994009
245 0 _aUnited States and Canada
_b regional geography
250 _a2nd
260 _c1956
650 _aGEOGRAPHY
942 _hU:71, J6
_cTEXL
_2CC
999 _c212405
_d212405